<?xml version="1.0" encoding="UTF-8"?><?xml-stylesheet type="text/xsl" href="static/style.xsl"?><OAI-PMH xmlns="http://www.openarchives.org/OAI/2.0/" xmlns:xsi="http://www.w3.org/2001/XMLSchema-instance" xsi:schemaLocation="http://www.openarchives.org/OAI/2.0/ http://www.openarchives.org/OAI/2.0/OAI-PMH.xsd"><responseDate>2026-04-13T00:49:01Z</responseDate><request verb="GetRecord" identifier="oai:www.recercat.cat:2445/109011" metadataPrefix="marc">https://recercat.cat/oai/request</request><GetRecord><record><header><identifier>oai:recercat.cat:2445/109011</identifier><datestamp>2025-12-10T00:46:45Z</datestamp><setSpec>com_2072_1057</setSpec><setSpec>col_2072_478917</setSpec></header><metadata><record xmlns="http://www.loc.gov/MARC21/slim" xmlns:dcterms="http://purl.org/dc/terms/" xmlns:xsi="http://www.w3.org/2001/XMLSchema-instance" xmlns:doc="http://www.lyncode.com/xoai" xsi:schemaLocation="http://www.loc.gov/MARC21/slim http://www.loc.gov/standards/marcxml/schema/MARC21slim.xsd">
   <leader>00925njm 22002777a 4500</leader>
   <datafield ind2=" " ind1=" " tag="042">
      <subfield code="a">dc</subfield>
   </datafield>
   <datafield ind2=" " ind1=" " tag="720">
      <subfield code="a">Sánchez Manubens, Judith</subfield>
      <subfield code="e">author</subfield>
   </datafield>
   <datafield ind2=" " ind1=" " tag="720">
      <subfield code="a">Antón López, Jordi</subfield>
      <subfield code="e">author</subfield>
   </datafield>
   <datafield ind2=" " ind1=" " tag="720">
      <subfield code="a">Bou Torrent, Rosa</subfield>
      <subfield code="e">author</subfield>
   </datafield>
   <datafield ind2=" " ind1=" " tag="720">
      <subfield code="a">Iglesias Jiménez, Estíbaliz</subfield>
      <subfield code="e">author</subfield>
   </datafield>
   <datafield ind2=" " ind1=" " tag="720">
      <subfield code="a">Calzada Hernández, Joan</subfield>
      <subfield code="e">author</subfield>
   </datafield>
   <datafield ind2=" " ind1=" " tag="720">
      <subfield code="a">Rodó López, Xavier</subfield>
      <subfield code="e">author</subfield>
   </datafield>
   <datafield ind2=" " ind1=" " tag="720">
      <subfield code="a">Morguí, Josep-Antón</subfield>
      <subfield code="e">author</subfield>
   </datafield>
   <datafield ind2=" " ind1=" " tag="720">
      <subfield code="a">Grupo de Trabajo en Enfermedad de Kawasaki, Cataluña</subfield>
      <subfield code="e">author</subfield>
   </datafield>
   <datafield ind2=" " ind1=" " tag="260">
      <subfield code="c">2017-03-28T10:48:40Z</subfield>
   </datafield>
   <datafield ind2=" " ind1=" " tag="260">
      <subfield code="c">2018-02-24T23:01:18Z</subfield>
   </datafield>
   <datafield ind2=" " ind1=" " tag="260">
      <subfield code="c">2017-02-24</subfield>
   </datafield>
   <datafield ind2=" " ind1=" " tag="260">
      <subfield code="c">2017-03-08T19:01:30Z</subfield>
   </datafield>
   <datafield ind2=" " ind1=" " tag="520">
      <subfield code="a">INTRODUCTION: Kawasaki disease (KD) is an acute self-limited&#xd;
                systemic vasculitis relatively common in childhood. The etiology&#xd;
                of KD is still unknown, although clinical, laboratory and&#xd;
                epidemiological features suggest an infectious origin or&#xd;
                trigger. Differences on incidence between countries have been&#xd;
                related to specific genetic factors, ethnicity, country of birth&#xd;
                and some other sociocultural and environmental factors. We&#xd;
                present a population-based study on incidence of KD in Catalonia&#xd;
                (Spain), focusing on differences between patients in rural and&#xd;
                non-rural areas of the region. METHODS: Observational&#xd;
                population-based study including all Pediatric Units in Catalan&#xd;
                hospitals, between 2004 and 2014. A 12-month (March 2013-March&#xd;
                2014) prospective collection of new cases of KD was carried out&#xd;
                to determine the incidence of KD. The rest of the data was&#xd;
                retrieved retrospectively. RESULTS: Data from 399 patients over&#xd;
                the 10-year study period was analyzed. Among the total KD&#xd;
                patients, 353 (88.5%) lived in non-rural areas and 46 (11.5%) in&#xd;
                rural areas. It was found that there is a significant difference&#xd;
                (P&lt;.001) between the percentage of rural population observed&#xd;
                in patients with KD (11.5%), and the expected 5% of the Catalan&#xd;
                population. CONCLUSION: This is the first population-based study&#xd;
                showing significant differences on KD incidence rates between&#xd;
                rural and non-rural areas.</subfield>
   </datafield>
   <datafield tag="653" ind2=" " ind1=" ">
      <subfield code="a">Vasculitis</subfield>
   </datafield>
   <datafield tag="653" ind2=" " ind1=" ">
      <subfield code="a">Infants</subfield>
   </datafield>
   <datafield tag="653" ind2=" " ind1=" ">
      <subfield code="a">Vasculitis</subfield>
   </datafield>
   <datafield tag="653" ind2=" " ind1=" ">
      <subfield code="a">Children</subfield>
   </datafield>
   <datafield ind2="0" ind1="0" tag="245">
      <subfield code="a">En Cataluña la enfermedad de Kawasaki es más prevalente en las zonas rurales</subfield>
   </datafield>
   <datafield ind2="0" ind1="0" tag="245">
      <subfield code="a">Kawasaki disease is more prevalent in rural areas of Catalonia (Spain)</subfield>
   </datafield>
</record></metadata></record></GetRecord></OAI-PMH>